[Event "Muswell Hill IM"]
[Site "London"]
[Date "2021.08.09"]
[Round "1.1"]
[White "Webb, Laurence E"]
[Black "Murphy, Conor E"]
[Result "0-1"]
[WhiteElo "2293"]
[BlackElo "2382"]
[PlyCount "140"]
[EventDate "2021.08.09"]
[EventType "tourn"]
[EventRounds "9"]
[EventCountry "ENG"]

1. d4 d5 2. c4 e6 3. Nc3 Nf6 4. cxd5 exd5 5. Bg5 c6 6. e3 h6 7. Bh4 Be7 8. Bd3
O-O 9. Qc2 Re8 10. Nf3 Ne4 11. Bxe7 Qxe7 12. O-O Bf5 13. Rab1 Nd7 14. Nd2 Nxc3
15. Qxc3 Bxd3 16. Qxd3 Nb6 17. b4 a6 18. Rfc1 Nc8 19. a4 Nd6 20. a5 f5 21. Nf3
Qf6 22. Ne5 f4 23. exf4 Qxf4 24. g3 Qf5 25. Rd1 Rf8 26. Qxf5 Rxf5 27. Rb3 Raf8
28. f4 g5 29. Rf3 Nb5 30. Kf2 gxf4 31. g4 Rg5 32. h4 Rg7 33. h5 Rg5 34. Ng6 Rf7
35. Rxf4 Rxf4+ 36. Nxf4 Rxg4 37. Kf3 Rg5 38. Ne6 Rxh5 39. Kg4 Rh2 40. Rf1 Re2
41. Kf5 Nd6+ 42. Kf6 Ne8+ 43. Kf5 Ng7+ 44. Nxg7 Kxg7 45. Rg1+ Kf7 46. Rh1 Re6
47. Rh4 Rg6 48. Rh3 Rg5+ 49. Kf4 Kg6 50. Re3 Rf5+ 51. Kg3 Rf7 52. Re6+ Kf5 53.
Re5+ Kf6 54. Rh5 Rg7+ 55. Kf4 Kg6 56. Re5 Rh7 57. Re6+ Kf7 58. Kf5 h5 59. Rd6
Ke7 60. Re6+ Kd7 61. Re2 h4 62. Kg6 Re7 63. Rd2 h3 64. Rd3 Re4 65. Rxh3 Rxd4
66. Rh7+ Kc8 67. Kf6 Rxb4 68. Ke6 Rb5 69. Kd6 Kb8 70. Rh8+ Ka7 0-1

[Event "Muswell Hill IM"]
[Site "London"]
[Date "2021.08.09"]
[Round "1.2"]
[White "Blackburn, Jonathan L B"]
[Black "Cherniaev, Alexander"]
[Result "0-1"]
[WhiteElo "2235"]
[BlackElo "2438"]
[PlyCount "90"]
[EventDate "2021.08.09"]
[EventType "tourn"]
[EventRounds "9"]
[EventCountry "ENG"]

1. d4 b6 2. c4 e6 3. a3 Nf6 4. Nc3 Bb7 5. d5 Bd6 6. g3 Be5 7. Bg2 Bxc3+ 8. bxc3
O-O 9. Nf3 Na6 10. Nd4 Nc5 11. Qc2 exd5 12. cxd5 Bxd5 13. Bxd5 Nxd5 14. c4 Ne7
15. Bb2 d6 16. h4 Qd7 17. h5 Qa4 18. Qc3 f6 19. Rh4 a6 20. Kf1 Rae8 21. Rc1 Qd7
22. Qf3 Rf7 23. Rd1 h6 24. g4 f5 25. g5 hxg5 26. Rh1 g4 27. Qf4 Kh7 28. Rg1 Ne6
29. Nxe6 Qxe6 30. Rd3 Nc6 31. Re3 Ne5 32. Qd4 Ree7 33. h6 g5 34. Rh1 Qxc4 35.
Qd2 Qc6 36. Kg1 f4 37. Rc3 Qe4 38. Ba1 Ng6 39. Qb2 Qxe2 40. Rc2 Qd1+ 41. Kh2
g3+ 42. Kg2 Nh4+ 43. Rxh4 f3+ 44. Kxg3 Qg1+ 45. Kh3 Qg2# 0-1

[Event "Muswell Hill IM"]
[Site "London"]
[Date "2021.08.09"]
[Round "1.3"]
[White "Villiers, Thomas"]
[Black "Balaji, Aaravamudhan"]
[Result "1-0"]
[WhiteElo "2165"]
[BlackElo "2273"]
[PlyCount "67"]
[EventDate "2021.08.09"]
[EventType "tourn"]
[EventRounds "9"]
[EventCountry "ENG"]

1. d4 Nf6 2. Nf3 g6 3. Bg5 d5 4. Bxf6 exf6 5. e3 Bd6 6. Bd3 Kf8 7. Nbd2 Kg7 8.
c4 dxc4 9. Bxc4 h5 10. O-O c6 11. e4 Bf4 12. Re1 g5 13. e5 b5 14. Bb3 Bg4 15.
Ne4 fxe5 16. g3 f5 17. Nc5 Rh6 18. gxf4 e4 19. Nxg5 Bxd1 20. Nce6+ Kf6 21. Nxd8
Bxb3 22. axb3 Ke7 23. Ndf7 Rf6 24. Ne5 Rd6 25. Rec1 a5 26. Rc5 Ra6 27. Rd1 a4
28. Ngf7 Rf6 29. d5 axb3 30. d6+ Ke8 31. d7+ Nxd7 32. Rxd7 Ra1+ 33. Kg2 Rb1 34.
Nd6+ 1-0

[Event "Muswell Hill IM"]
[Site "London"]
[Date "2021.08.09"]
[Round "1.4"]
[White "Wadsworth, Matthew J"]
[Black "Wall, Gavin"]
[Result "0-1"]
[WhiteElo "2416"]
[BlackElo "2326"]
[PlyCount "118"]
[EventDate "2021.08.09"]
[EventType "tourn"]
[EventRounds "9"]
[EventCountry "ENG"]

1. c4 f5 2. g3 Nf6 3. Bg2 d6 4. Nc3 e5 5. d3 Be7 6. Nf3 O-O 7. O-O Qe8 8. e3
Qh5 9. Nd2 Qxd1 10. Rxd1 a5 11. a3 Nbd7 12. d4 a4 13. b4 axb3 14. Nxb3 c6 15.
d5 e4 16. f4 exf3 17. Bxf3 Ne5 18. Be2 Ne4 19. Bb2 Bg5 20. Kg2 Bxe3 21. Rf1
Nxc3 22. Bxc3 cxd5 23. c5 Nc4 24. cxd6 Nxd6 25. Bb4 Rd8 26. Rad1 Ne4 27. Nd4
Bxd4 28. Rxd4 Be6 29. Bd1 g5 30. h3 Kg7 31. Bb3 Rac8 32. g4 Kg6 33. gxf5+ Bxf5
34. Bxd5 Nf6 35. Be7 Nxd5 36. Bxd8 Rxd8 37. Kg3 h5 38. h4 Rd7 39. hxg5 Ne3 40.
Rff4 Re7 41. Rf3 Kxg5 42. Rb4 h4+ 43. Rxh4 Bg4 44. Rh8 Bxf3 45. Kxf3 Nc4 46. a4
Re3+ 47. Kf2 Ra3 48. Ra8 Kf4 49. Ke2 Ke4 50. Rd8 Rxa4 51. Kd1 Ra2 52. Kc1 b5
53. Kb1 Rd2 54. Rb8 Nd6 55. Rb6 Kd5 56. Kc1 Rg2 57. Rb8 Kc4 58. Rd8 Ne4 59.
Rc8+ Nc5 0-1

[Event "Muswell Hill IM"]
[Site "London"]
[Date "2021.08.09"]
[Round "1.5"]
[White "Czopor, Maciej"]
[Black "Grieve, Harry"]
[Result "1-0"]
[WhiteElo "2376"]
[BlackElo "2282"]
[PlyCount "119"]
[EventDate "2021.08.09"]
[EventType "tourn"]
[EventRounds "9"]
[EventCountry "ENG"]

1. e4 c6 2. Nc3 d5 3. Nf3 Bg4 4. h3 Bxf3 5. Qxf3 e6 6. d3 Nd7 7. Bd2 Qb6 8.
O-O-O d4 9. Ne2 a5 10. g4 a4 11. g5 a3 12. b3 Bb4 13. Bf4 e5 14. Bg3 Ne7 15. h4
Ra5 16. h5 Qc5 17. Bh3 Rf8 18. Qg4 Qd6 19. Kb1 f5 20. gxf6 Nxf6 21. Qh4 Qd8 22.
f4 Bd6 23. Rhg1 exf4 24. Nxf4 Bxf4 25. Bxf4 Rxh5 26. Qg3 Ng6 27. Bc1 Ne5 28.
Bf5 Qe7 29. Qxg7 Qxg7 30. Rxg7 Rf7 31. Rxf7 Kxf7 32. Bxa3 Nd5 33. Rf1 Ne3 34.
Bg4+ Nxf1 35. Bxh5+ Kf6 36. Bc5 Nd2+ 37. Kc1 Ndf3 38. Kd1 Kg5 39. Bxf3 Nxf3 40.
Ke2 Kg4 41. e5 Nxe5 42. Bxd4 Nf3 43. Bf6 h5 44. Ke3 h4 45. Bxh4 Nxh4 46. Kd4 b6
47. Ke5 Nf5 48. c4 c5 49. Kd5 Kf4 50. Kc6 Ke3 51. Kxb6 Nd4 52. Kxc5 Kxd3 53.
Kd5 Kc3 54. c5 Nb5 55. Kc6 Kb4 56. Kb6 Nc3 57. c6 Ne4 58. c7 Nd6 59. Kc6 Nc8
60. Kb7 1-0

[Event "Muswell Hill IM"]
[Site "London"]
[Date "2021.08.09"]
[Round "2.1"]
[White "Murphy, Conor E"]
[Black "Grieve, Harry"]
[Result "1/2-1/2"]
[WhiteElo "2382"]
[BlackElo "2282"]
[PlyCount "93"]
[EventDate "2021.08.09"]
[EventType "tourn"]
[EventRounds "9"]
[EventCountry "ENG"]

1. e4 c6 2. Nf3 d5 3. Nc3 Bg4 4. h3 Bxf3 5. Qxf3 e6 6. Be2 Bc5 7. O-O Nd7 8.
Qg3 Bd4 9. d3 Ne7 10. Bd1 O-O 11. Ne2 Bb6 12. c3 e5 13. exd5 cxd5 14. d4 exd4
15. Nxd4 Bxd4 16. cxd4 Qb6 17. Qd3 Nc6 18. Be3 Nf6 19. Bf3 Rac8 20. Rfc1 h6 21.
Rab1 Rfe8 22. b4 Rc7 23. a3 Ne4 24. Rc2 Rce7 25. Rbc1 Qd8 26. Bf4 g5 27. b5 Nb4
28. axb4 gxf4 29. Be2 Qd6 30. Qf3 Ng5 31. Qg4 f3 32. Bf1 fxg2 33. Bxg2 Re1+ 34.
Rxe1 Rxe1+ 35. Bf1 Qg6 36. Rc8+ Kg7 37. Kg2 Qb1 38. Qf4 Rxf1 39. Qe5+ f6 40.
Qe7+ Kg6 41. Qe8+ Kf5 42. Qd7+ Ke4 43. Qg4+ Kd3 44. Qg3+ Ke4 45. Qg4+ Kd3 46.
Qg3+ Ke4 47. Qg4+ 1/2-1/2

[Event "Muswell Hill IM"]
[Site "London"]
[Date "2021.08.09"]
[Round "2.2"]
[White "Wall, Gavin"]
[Black "Czopor, Maciej"]
[Result "1/2-1/2"]
[WhiteElo "2326"]
[BlackElo "2376"]
[PlyCount "51"]
[EventDate "2021.08.09"]
[EventType "tourn"]
[EventRounds "9"]
[EventCountry "ENG"]

1. e4 c5 2. Nf3 e6 3. c3 Nf6 4. e5 Nd5 5. Na3 Nc6 6. g3 Qc7 7. Qe2 a6 8. Bg2
Be7 9. O-O O-O 10. d3 f6 11. Nc4 b5 12. exf6 Bxf6 13. Ne3 Nxe3 14. Bxe3 d6 15.
d4 cxd4 16. Nxd4 Nxd4 17. Bxd4 Rb8 18. Rad1 Bxd4 19. Rxd4 e5 20. Bd5+ Kh8 21.
Rd2 Rf6 22. Rfd1 Bd7 23. Kg2 Rbf8 24. f3 Be8 25. Qe3 h6 26. Rf2 1/2-1/2

[Event "Muswell Hill IM"]
[Site "London"]
[Date "2021.08.09"]
[Round "2.3"]
[White "Balaji, Aaravamudhan"]
[Black "Wadsworth, Matthew J"]
[Result "0-1"]
[WhiteElo "2273"]
[BlackElo "2416"]
[PlyCount "74"]
[EventDate "2021.08.09"]
[EventType "tourn"]
[EventRounds "9"]
[EventCountry "ENG"]

1. d4 d5 2. c4 c6 3. cxd5 cxd5 4. Nc3 Nf6 5. Bf4 Nc6 6. e3 Bf5 7. Qb3 Na5 8.
Qa4+ Bd7 9. Qc2 e6 10. Bd3 Bb4 11. Nf3 Rc8 12. O-O Nh5 13. Be5 f6 14. Bg3 Nxg3
15. hxg3 f5 16. Rfc1 O-O 17. Qe2 Bd6 18. Rc2 Nc6 19. a3 g5 20. Rac1 g4 21. Nd2
Qg5 22. Na4 Rcd8 23. Bb5 Nb8 24. Bxd7 Nxd7 25. Qb5 Bxg3 26. Nf1 Bb8 27. Qxb7 f4
28. Rc8 fxe3 29. fxe3 g3 30. Qa6 Qf5 31. Rxd8 Rxd8 32. Rc8 Rxc8 33. Qxc8+ Nf8
34. Qc1 Qf2+ 35. Kh1 Ng6 36. e4 Bf4 37. Qd1 Nh4 0-1

[Event "Muswell Hill IM"]
[Site "London"]
[Date "2021.08.09"]
[Round "2.4"]
[White "Cherniaev, Alexander"]
[Black "Villiers, Thomas"]
[Result "1/2-1/2"]
[WhiteElo "2438"]
[BlackElo "2165"]
[PlyCount "133"]
[EventDate "2021.08.09"]
[EventType "tourn"]
[EventRounds "9"]
[EventCountry "ENG"]

1. g3 d5 2. Bg2 Nf6 3. d4 b5 4. Nf3 e6 5. Bg5 Nbd7 6. Nbd2 Bb7 7. c3 c5 8. a4
b4 9. c4 Be7 10. O-O O-O 11. Rc1 Rc8 12. cxd5 Bxd5 13. Bxf6 Nxf6 14. dxc5 Bxc5
15. Ne5 Bd4 16. Rxc8 Qxc8 17. Nd3 Bxg2 18. Kxg2 Rd8 19. Qb3 a5 20. Rc1 Qa8+ 21.
Nf3 Ne4 22. Qc2 Ng5 23. Qc6 Nxf3 24. Kxf3 Qa7 25. Kg2 g6 26. Rc4 Qe7 27. h4 Qf6
28. Qc7 Ra8 29. b3 e5 30. e3 Qf5 31. Qc6 Rd8 32. e4 Qh5 33. Qf6 Rf8 34. f3 Qh6
35. Qg5 Qg7 36. Rc7 Re8 37. Rc6 Qf8 38. Kf1 Rc8 39. Qf6 Qe8 40. Rd6 Qf8 41. Ke2
Qh6 42. Rd8+ Rxd8 43. Qxd8+ Qf8 44. Qc7 Qe8 45. Qxa5 Qc8 46. Qxb4 Qc2+ 47. Qd2
Qxb3 48. f4 Qxa4 49. fxe5 Qc4 50. Kf3 Qb3 51. Kg2 Qb5 52. e6 fxe6 53. Nf4 Qc4
54. Nxe6 Bf6 55. Nf4 Qxe4+ 56. Kh2 Bd4 57. Qc1 Bg7 58. Qd1 Qe7 59. Qd3 Qf7 60.
Qe4 Bh6 61. Nd3 Qa2+ 62. Kh3 Qf7 63. Kg2 Qa2+ 64. Kh3 Qf7 65. Ne5 Qf1+ 66. Kg4
Qd1+ 67. Kh3 1/2-1/2

[Event "Muswell Hill IM"]
[Site "London"]
[Date "2021.08.09"]
[Round "2.5"]
[White "Webb, Laurence E"]
[Black "Blackburn, Jonathan L B"]
[Result "0-1"]
[WhiteElo "2293"]
[BlackElo "2235"]
[PlyCount "74"]
[EventDate "2021.08.09"]
[EventType "tourn"]
[EventRounds "9"]
[EventCountry "ENG"]

1. e4 e6 2. d4 d5 3. e5 c5 4. c3 Nc6 5. Nf3 Bd7 6. Be2 f6 7. O-O fxe5 8. Nxe5
Nxe5 9. dxe5 Qc7 10. Re1 O-O-O 11. c4 d4 12. Bf3 Ne7 13. Bg5 h6 14. Bxe7 Bxe7
15. Nd2 Rhf8 16. Rb1 g5 17. b4 cxb4 18. a3 Rf5 19. axb4 Rxe5 20. Rxe5 Qxe5 21.
c5 Bb5 22. Nb3 Rd7 23. Na5 Rc7 24. g3 b6 25. Nb3 bxc5 26. bxc5 Bxc5 27. Nc1 a6
28. Kg2 g4 29. Ba8 Kb8 30. Nd3 Qf5 31. Nxc5 Rxc5 32. Qxd4 Kxa8 33. Qd8+ Kb7 34.
Rd1 Rc7 35. Kg1 Qe4 36. Qh8 Bc6 37. Qb2+ Ka7 0-1

[Event "Muswell Hill IM"]
[Site "London"]
[Date "2021.08.10"]
[Round "3.1"]
[White "Blackburn, Jonathan L B"]
[Black "Murphy, Conor E"]
[Result "0-1"]
[WhiteElo "2235"]
[BlackElo "2382"]
[PlyCount "110"]
[EventDate "2021.08.09"]
[EventType "tourn"]
[EventRounds "9"]
[EventCountry "ENG"]

1. d4 d5 2. c4 e6 3. Nc3 Nf6 4. Nf3 Be7 5. Bf4 O-O 6. e3 b6 7. Rc1 Bb7 8. cxd5
Nxd5 9. Nxd5 Qxd5 10. a3 Qa5+ 11. Qd2 Qxd2+ 12. Nxd2 c5 13. dxc5 Rc8 14. Nc4
Rxc5 15. b4 Rc8 16. Rd1 Bd5 17. Nd6 Bxd6 18. Bxd6 f6 19. f3 Nd7 20. Bb5 Ne5 21.
Bxe5 fxe5 22. Kd2 a5 23. Rc1 axb4 24. Rxc8+ Rxc8 25. axb4 Bc4 26. Bxc4 Rxc4 27.
Rb1 b5 28. Kd3 Kf7 29. g3 Kf6 30. h3 e4+ 31. fxe4 Ke5 32. Rf1 Rxb4 33. Rf7 Rb3+
34. Kd2 Kxe4 35. Rxg7 Rd3+ 36. Kc2 Rxe3 37. h4 h5 38. Rg5 e5 39. g4 hxg4 40.
Rxg4+ Kf3 41. Rb4 e4 42. Rxb5 Re2+ 43. Kd1 Rh2 44. Rf5+ Ke3 45. h5 Rh1+ 46. Kc2
Ke2 47. Rf4 e3 48. Rf5 Ke1 49. Ra5 Rh2+ 50. Kd3 e2 51. Ke3 Rh3+ 52. Kf4 Kf2 53.
Kg4 e1=Q 54. Ra2+ Kg1 55. Kxh3 Qe6+ 0-1

[Event "Muswell Hill IM"]
[Site "London"]
[Date "2021.08.10"]
[Round "3.2"]
[White "Villiers, Thomas"]
[Black "Webb, Laurence E"]
[Result "1-0"]
[WhiteElo "2165"]
[BlackElo "2293"]
[PlyCount "91"]
[EventDate "2021.08.09"]
[EventType "tourn"]
[EventRounds "9"]
[EventCountry "ENG"]

1. Nf3 Nf6 2. c4 g6 3. g3 Bg7 4. Bg2 d6 5. Nc3 O-O 6. d4 c5 7. O-O Nc6 8. d5
Na5 9. Qd3 a6 10. e4 b5 11. cxb5 axb5 12. Nxb5 Ba6 13. a4 c4 14. Qc2 Ng4 15.
Bd2 Qb6 16. h3 Ne5 17. Nxe5 Bxe5 18. Bxa5 Qxa5 19. Qxc4 Bxb2 20. Rab1 Rfc8 21.
Qb3 Bf6 22. Rfc1 Kg7 23. Bf1 h5 24. h4 Qd2 25. Rd1 Qc2 26. Qb4 Rab8 27. Bd3 Qc5
28. Qxc5 Rxc5 29. Rbc1 Rxc1 30. Rxc1 Bxb5 31. Bxb5 Bd4 32. Kf1 Rb7 33. Ke2 Bc5
34. Rxc5 dxc5 35. Kd3 Kf8 36. Kc4 Rc7 37. Bc6 e6 38. Kxc5 exd5 39. exd5 Re7 40.
a5 Re2 41. a6 Ra2 42. Kb6 Rb2+ 43. Bb5 Ke7 44. a7 Ra2 45. Ba6 Rb2+ 46. Kc5 1-0

[Event "Muswell Hill IM"]
[Site "London"]
[Date "2021.08.10"]
[Round "3.3"]
[White "Wadsworth, Matthew J"]
[Black "Cherniaev, Alexander"]
[Result "1/2-1/2"]
[WhiteElo "2416"]
[BlackElo "2438"]
[PlyCount "50"]
[EventDate "2021.08.09"]
[EventType "tourn"]
[EventRounds "9"]
[EventCountry "ENG"]

1. c4 e6 2. g3 d5 3. Bg2 g6 4. Nf3 Bg7 5. O-O Ne7 6. d4 Nbc6 7. cxd5 exd5 8.
Nc3 O-O 9. b3 Nf5 10. e3 a5 11. Ba3 Re8 12. Qd2 Nce7 13. Ne5 c6 14. Na4 f6 15.
Nd3 b6 16. Rac1 Rb8 17. Nf4 g5 18. Nh5 Be6 19. f4 g4 20. h3 Nd6 21. f5 Bxf5 22.
hxg4 Bxg4 23. Nxg7 Kxg7 24. Qf2 f5 25. Qf4 Nf7 1/2-1/2

[Event "Muswell Hill IM"]
[Site "London"]
[Date "2021.08.10"]
[Round "3.4"]
[White "Czopor, Maciej"]
[Black "Balaji, Aaravamudhan"]
[Result "1-0"]
[WhiteElo "2376"]
[BlackElo "2273"]
[PlyCount "101"]
[EventDate "2021.08.09"]
[EventType "tourn"]
[EventRounds "9"]
[EventCountry "ENG"]

1. d4 Nf6 2. c4 g6 3. Nc3 Bg7 4. e4 d6 5. Be2 O-O 6. Be3 Na6 7. h4 c5 8. d5 e6
9. dxe6 Bxe6 10. h5 Qa5 11. Qd2 Nb4 12. Rc1 Rfe8 13. Rh4 Nc6 14. hxg6 hxg6 15.
Bh6 Bh8 16. Nf3 Bg4 17. Ng5 Bxe2 18. Kxe2 Nd4+ 19. Kf1 Nd7 20. Qf4 Ne5 21. Nd5
Nf5 22. Rh3 Nd3 23. Rxd3 Nxh6 24. Rh3 Be5 25. Nf6+ Kg7 26. Nxe8+ Rxe8 27. Ne6+
Rxe6 28. Qxh6+ Kg8 29. Qh7+ Kf8 30. Rf3 Bg7 31. b3 Rxe4 32. Qxg6 Re7 33. Qxd6
Bd4 34. Qh6+ Bg7 35. Qf4 Be5 36. Qg5 Bd4 37. g3 Qxa2 38. Kg2 Re2 39. Qf5 Re7
40. Re1 Rc7 41. Qe4 Kg7 42. Qe8 Qb2 43. Re4 Bf6 44. Rg4+ Kh7 45. Qg8+ Kh6 46.
Rxf6+ Qxf6 47. Rh4+ Qxh4 48. gxh4 f6 49. Qf8+ Kg6 50. Kf3 Rf7 51. h5+ 1-0

[Event "Muswell Hill IM"]
[Site "London"]
[Date "2021.08.10"]
[Round "3.5"]
[White "Grieve, Harry"]
[Black "Wall, Gavin"]
[Result "1-0"]
[WhiteElo "2282"]
[BlackElo "2326"]
[PlyCount "83"]
[EventDate "2021.08.09"]
[EventType "tourn"]
[EventRounds "9"]
[EventCountry "ENG"]

1. e4 e5 2. Nf3 d6 3. d4 exd4 4. Nxd4 Nf6 5. Nc3 Be7 6. Bf4 O-O 7. Qd2 Nc6 8.
O-O-O Nxd4 9. Qxd4 Be6 10. f3 a6 11. g4 b5 12. h4 c5 13. Qd2 b4 14. Nd5 Nxd5
15. exd5 Bd7 16. g5 a5 17. h5 a4 18. Kb1 Bf5 19. Bh3 Qd7 20. Bxf5 Qxf5 21. Rde1
Rfe8 22. Re4 Bf8 23. Qe3 Rxe4 24. Qxe4 Qxe4 25. fxe4 Re8 26. Re1 g6 27. hxg6
fxg6 28. Kc1 Rd8 29. Kd2 Bg7 30. Kd3 Bxb2 31. Kc4 a3 32. Kb5 Kf7 33. Rh1 Kg7
34. Rh3 Re8 35. Bxd6 Rxe4 36. Bxc5 Re5 37. Kc6 Rxg5 38. d6 Rg4 39. d7 Bf6 40.
Rf3 Bd8 41. Bf8+ Kg8 42. Bh6 1-0

[Event "Muswell Hill IM"]
[Site "London"]
[Date "2021.08.10"]
[Round "4.1"]
[White "Murphy, Conor E"]
[Black "Wall, Gavin"]
[Result "1-0"]
[WhiteElo "2382"]
[BlackElo "2326"]
[PlyCount "83"]
[EventDate "2021.08.09"]
[EventType "tourn"]
[EventRounds "9"]
[EventCountry "ENG"]

1. e4 e5 2. Nf3 d6 3. d4 exd4 4. Nxd4 Nf6 5. Nc3 Be7 6. g3 O-O 7. Bg2 Re8 8.
O-O Bf8 9. h3 Nbd7 10. Re1 Nc5 11. b3 a5 12. a4 c6 13. Bb2 Qb6 14. Qd2 Bd7 15.
Re3 Rad8 16. Rae1 Bc8 17. Nd1 Na6 18. c4 Nb4 19. Bc3 Nd7 20. f4 g6 21. Kh2 Bg7
22. Nf2 Nc5 23. Rd1 Re7 24. Re2 Rde8 25. Bf3 h5 26. Kg2 Rd8 27. Qb2 Ree8 28.
Red2 Qc7 29. Ne2 Bxc3 30. Qxc3 Qe7 31. g4 hxg4 32. hxg4 Qf8 33. g5 Qg7 34. e5
Bf5 35. Rxd6 Rxd6 36. Rxd6 Kf8 37. Ng3 Ne6 38. Qe3 Qh7 39. Rd1 Nc2 40. Qc1 Ncd4
41. Rh1 Qg8 42. Nfe4 1-0

[Event "Muswell Hill IM"]
[Site "London"]
[Date "2021.08.10"]
[Round "4.2"]
[White "Balaji, Aaravamudhan"]
[Black "Grieve, Harry"]
[Result "1/2-1/2"]
[WhiteElo "2273"]
[BlackElo "2282"]
[PlyCount "120"]
[EventDate "2021.08.09"]
[EventType "tourn"]
[EventRounds "9"]
[EventCountry "ENG"]

1. d4 d5 2. c4 e6 3. Nc3 c6 4. e4 dxe4 5. Nxe4 Bb4+ 6. Bd2 Qxd4 7. Bxb4 Qxe4+
8. Be2 Na6 9. Bd6 Qxg2 10. Qd2 e5 11. O-O-O Qe4 12. Bxe5 Bf5 13. Bd3 Qxd3 14.
Qxd3 Bxd3 15. Bxg7 Nb4 16. Bxh8 Nxa2+ 17. Kd2 Bxc4 18. Nh3 Ne7 19. Bf6 Nd5 20.
Rde1+ Kd7 21. Bh4 f6 22. Re4 b5 23. Nf4 Rg8 24. Nxd5 Bxd5 25. Rd4 f5 26. h3 a5
27. Ra1 Ke6 28. Bg3 a4 29. Re1+ Kf7 30. Rh4 Be4 31. Rxh7+ Ke6 32. Rh6+ Kd5 33.
Ra1 Nb4 34. Rc1 Rd8 35. Rf6 c5 36. Ke3 Nc2+ 37. Kf4 Nd4 38. Kg5 b4 39. Kh6 Bc2
40. Ra6 a3 41. bxa3 b3 42. Rb6 f4 43. Bxf4 Ne2 44. Bg5 Rh8+ 45. Kg7 Rxh3 46.
Re1 Nd4 47. Bc1 c4 48. Kf6 Rf3+ 49. Ke7 c3 50. a4 Rxf2 51. Rd6+ Kc4 52. Rxd4+
Kxd4 53. Be3+ Kc4 54. Bxf2 b2 55. Bg3 Bxa4 56. Be5 Bc2 57. Kd6 Kd3 58. Kc5 b1=Q
59. Rxb1 Bxb1 60. Bxc3 Kxc3 1/2-1/2

[Event "Muswell Hill IM"]
[Site "London"]
[Date "2021.08.10"]
[Round "4.3"]
[White "Cherniaev, Alexander"]
[Black "Czopor, Maciej"]
[Result "0-1"]
[WhiteElo "2438"]
[BlackElo "2376"]
[PlyCount "90"]
[EventDate "2021.08.09"]
[EventType "tourn"]
[EventRounds "9"]
[EventCountry "ENG"]

1. e4 c5 2. Nc3 Nc6 3. Bb5 Nd4 4. Bc4 a6 5. a4 e6 6. Nge2 Ne7 7. Nxd4 cxd4 8.
Ne2 Nc6 9. O-O g6 10. d3 Bg7 11. Bd2 O-O 12. Kh1 Re8 13. Bb3 d6 14. Qe1 Kh8 15.
f3 Bd7 16. Qf2 Rc8 17. a5 b5 18. axb6 Qxb6 19. Ra2 Ra8 20. Rfa1 Reb8 21. Qg3
Ne5 22. f4 Nc6 23. Ng1 Nd8 24. Nf3 Bb5 25. Qh3 Kg8 26. f5 exf5 27. exf5 Bxd3
28. Ng5 Bxf5 29. Qxh7+ Kf8 30. Ba5 Qa7 31. Bxd8 Rxb3 32. Bf6 Bxf6 33. Rxa6 Rb7
34. Rxa7 Rbxa7 35. Rxa7 Rxa7 36. h4 Bxc2 37. Nf3 Bg7 38. h5 Ra5 39. hxg6 Bxg6
40. Qh3 Rh5 41. Nh4 Bf6 42. g3 d3 43. Kg1 Kg7 44. Qg4 Rg5 45. Qf4 d2 0-1

[Event "Muswell Hill IM"]
[Site "London"]
[Date "2021.08.10"]
[Round "4.4"]
[White "Webb, Laurence E"]
[Black "Wadsworth, Matthew J"]
[Result "0-1"]
[WhiteElo "2293"]
[BlackElo "2416"]
[PlyCount "76"]
[EventDate "2021.08.09"]
[EventType "tourn"]
[EventRounds "9"]
[EventCountry "ENG"]

1. d4 Nf6 2. c4 c5 3. d5 e6 4. Nc3 exd5 5. cxd5 d6 6. Nf3 g6 7. Bf4 a6 8. a4
Bg7 9. h3 O-O 10. e3 Qe7 11. Be2 Nbd7 12. O-O Ne8 13. Nd2 Rb8 14. Nc4 Ne5 15.
Nb6 Nc7 16. a5 Bd7 17. Nca4 Bb5 18. Qc2 Rbd8 19. Rac1 f5 20. b4 Bxe2 21. Qxe2
cxb4 22. Rb1 g5 23. Bxe5 Bxe5 24. Rxb4 Nb5 25. Nc4 Bg7 26. Rbb1 f4 27. Qf3 Rde8
28. Rbe1 Qc7 29. Qe2 f3 30. Qd3 Qf7 31. e4 Qh5 32. e5 g4 33. Kh2 fxg2 34. Kxg2
Rf3 35. Re3 Qxh3+ 36. Kg1 Bxe5 37. Nxe5 Rxe5 38. Rfe1 g3 0-1

[Event "Muswell Hill IM"]
[Site "London"]
[Date "2021.08.10"]
[Round "4.5"]
[White "Blackburn, Jonathan L B"]
[Black "Villiers, Thomas"]
[Result "1/2-1/2"]
[WhiteElo "2235"]
[BlackElo "2165"]
[PlyCount "89"]
[EventDate "2021.08.09"]
[EventType "tourn"]
[EventRounds "9"]
[EventCountry "ENG"]

1. d4 Nf6 2. c4 e6 3. Nc3 d5 4. Nf3 Be7 5. Bg5 Nbd7 6. e3 O-O 7. Qc2 c6 8. a3
b6 9. cxd5 Nxd5 10. Bxe7 Nxe7 11. Ng5 Nf6 12. Nce4 Nxe4 13. Qxe4 Ng6 14. h4 Qd5
15. Qxd5 cxd5 16. Bd3 h6 17. Bxg6 hxg5 18. Bd3 gxh4 19. Rxh4 g6 20. Rc1 Bd7 21.
Rc7 Ba4 22. Rf4 Kg7 23. Rf3 Be8 24. Rg3 Kh8 25. b3 Rg8 26. Kd2 Rg7 27. Rh3+ Kg8
28. Rh1 f6 29. Rhc1 Rd8 30. g3 Kf8 31. a4 Re7 32. b4 g5 33. a5 bxa5 34. bxa5
Rxc7 35. Rxc7 Rd7 36. Rc8 Ke7 37. a6 Rd8 38. Rc7+ Rd7 39. Rb7 Kf8 40. Bg6 Ke7
41. Bd3 Kf8 42. Kc3 Re7 43. Kb4 Bc6 44. Rb8+ Re8 45. Rxe8+ 1/2-1/2

[Event "Muswell Hill IM"]
[Site "London"]
[Date "2021.08.11"]
[Round "5.1"]
[White "Villiers, Thomas"]
[Black "Murphy, Conor E"]
[Result "0-1"]
[WhiteElo "2165"]
[BlackElo "2382"]
[PlyCount "156"]
[EventDate "2021.08.09"]
[EventType "tourn"]
[EventRounds "9"]
[EventCountry "ENG"]

1. Nf3 d5 2. c4 e6 3. g3 Nf6 4. Bg2 Be7 5. O-O O-O 6. d4 dxc4 7. Na3 c5 8. Nxc4
b5 9. Nce5 Bb7 10. dxc5 Qxd1 11. Rxd1 Bxc5 12. Nd4 Bxg2 13. Kxg2 Rd8 14. Be3
Nd5 15. Nxe6 Nxe3+ 16. fxe3 Rxd1 17. Rxd1 fxe6 18. Rd8+ Bf8 19. Nd7 Nxd7 20.
Rxa8 Nb6 21. Rxa7 Nc4 22. b3 Nxe3+ 23. Kf3 b4 24. Ra8 Nd5 25. Ke4 Kf7 26. Ke5
Be7 27. Ra7 Ne3 28. h3 Nf5 29. g4 Ng3 30. a4 bxa3 31. b4 Nxe2 32. b5 a2 33.
Rxa2 Nc3 34. Ra5 Bc5 35. Kf4 Bb6 36. Ra8 Nxb5 37. Kf3 Bd4 38. Ke4 Bf6 39. Kf4
h6 40. Ra5 Nd6 41. Ra7+ Be7 42. Ke5 Nc4+ 43. Kd4 Nd2 44. Ke5 g5 45. Rd7 Nf3+
46. Ke4 Nh4 47. Rb7 Kf6 48. Rb2 Bd6 49. Rb7 Ng6 50. Rh7 Bf8 51. Rb7 Ne5 52. Rc7
Nf7 53. Kf3 Nd6 54. Ra7 e5 55. Ra5 Ke6 56. Ra8 Bg7 57. Ra7 Bf6 58. Ra5 e4+ 59.
Ke2 Be5 60. Ra7 Bf4 61. Rg7 Kf6 62. Rg8 Nb5 63. Rh8 Nc3+ 64. Kf1 Kg7 65. Rc8
Bd2 66. Rc7+ Kf8 67. Rc8+ Ke7 68. Rc5 Kd6 69. Rc8 e3 70. Re8 Kd5 71. h4 Kd4 72.
Re6 Kd3 73. Rd6+ Kc2 74. Re6 Kd1 75. hxg5 hxg5 76. Kg2 e2 77. Kf3 e1=Q 78.
Rxe1+ Kxe1 0-1

[Event "Muswell Hill IM"]
[Site "London"]
[Date "2021.08.11"]
[Round "5.2"]
[White "Wadsworth, Matthew J"]
[Black "Blackburn, Jonathan L B"]
[Result "1-0"]
[WhiteElo "2416"]
[BlackElo "2235"]
[PlyCount "113"]
[EventDate "2021.08.09"]
[EventType "tourn"]
[EventRounds "9"]
[EventCountry "ENG"]

1. c4 g6 2. g3 Bg7 3. Bg2 c5 4. Nc3 d6 5. Nf3 Nc6 6. O-O Rb8 7. a3 a6 8. Rb1
Bf5 9. e4 Bg4 10. h3 Bxf3 11. Bxf3 Nf6 12. Bg2 O-O 13. b4 Nd7 14. Ne2 b5 15.
bxc5 dxc5 16. cxb5 axb5 17. f4 e5 18. f5 c4 19. Nc3 Nd4 20. d3 cxd3 21. Qxd3
Nc5 22. Qd1 Nd7 23. Be3 Qa5 24. Nd5 Qxa3 25. f6 Nxf6 26. Nxf6+ Bxf6 27. Bxd4
exd4 28. Rxf6 Qxg3 29. Qxd4 b4 30. Rf3 Qg5 31. Rxb4 Qc1+ 32. Rf1 Rxb4 33. Qxb4
Qe3+ 34. Kh1 f5 35. Re1 Qg3 36. e5 Re8 37. e6 f4 38. Qe4 f3 39. Bxf3 Qxh3+ 40.
Kg1 Qg3+ 41. Bg2 Re7 42. Qa8+ Kg7 43. Rf1 Qe3+ 44. Rf2 Qc1+ 45. Kh2 Qc7+ 46.
Kh3 h5 47. Qf8+ Kh7 48. Be4 Rg7 49. Qf6 Qd6 50. Rg2 Qa3+ 51. Rg3 Qe7 52. Bxg6+
Kh8 53. Qf5 h4 54. Qh5+ Kg8 55. Bf7+ Kf8 56. Qh8+ Rg8 57. Qxg8# 1-0